Progressing the rights to light debate - part one: a review of current practice (Record no. 74491)

MARC details
000 -LEADER
fixed length control field 01170cab a2200229 4500
001 - CONTROL NUMBER
control field ABS68077
008 - FIXED-LENGTH DATA ELEMENTS--GENERAL INFORMATION
fixed length control field 040806n2004 000 0 eng u
035 ## - SYSTEM CONTROL NUMBER
System control number (Sirsi) u127021
100 ## - MAIN ENTRY--PERSONAL NAME
Personal name Chynoweth, P.
245 ## - TITLE STATEMENT
Title Progressing the rights to light debate - part one: a review of current practice
260 ## - PUBLICATION, DISTRIBUTION, ETC.
Date of publication, distribution, etc. 2004
490 ## - SERIES STATEMENT
Series statement Structural Survey
Volume/sequential designation 22(3) 2004, 131-137(7)
520 ## - SUMMARY, ETC.
Summary, etc. Introduces a series of articles which respond to Pitts' call for a debate into current rights to light practice. Summarises relevant areas of law as well as current measurement and valuation practices in this area. Describes: the Waldram methodology; grumble point; fifty-fifty rule; and the concept of equivalent first zone loss. It also shows how these concepts are used to determine the amount of damages payable where a right to light has been infringed and calls for others to contribute to the debate. References. [Taken from journal abstract]
590 ## - LOCAL NOTE (RLIN)
Local note ABS
650 ## - SUBJECT ADDED ENTRY--TOPICAL TERM
Topical term or geographic name entry element RIGHTS TO LIGHT
650 ## - SUBJECT ADDED ENTRY--TOPICAL TERM
Topical term or geographic name entry element SURVEYING METHODS
650 ## - SUBJECT ADDED ENTRY--TOPICAL TERM
Topical term or geographic name entry element WALDRAM GRAPH
650 ## - SUBJECT ADDED ENTRY--TOPICAL TERM
Topical term or geographic name entry element MEASURING PRACTICE
650 ## - SUBJECT ADDED ENTRY--TOPICAL TERM
Topical term or geographic name entry element COMPENSATION
690 ## - LOCAL SUBJECT ADDED ENTRY--TOPICAL TERM (OCLC, RLIN)
Topical term or geographic name as entry element Boundary disputes
9 (RLIN) 6221
942 ## - ADDED ENTRY ELEMENTS (KOHA)
Suppress in OPAC 0
Holdings
Withdrawn status Lost status Source of classification or shelving scheme Damaged status Not for loan Home library Current library Shelving location Date acquired Total Checkouts Full call number Barcode Date last seen Copy number Price effective from Koha item type
    Dewey Decimal Classification     London London Journal article 06/08/2004   ABS68077 127021-1001 06/08/2019 1 06/08/2019 Journal article